000 00634cam a2200181 4500
001 WS107499
008 000000n 000 0 eng u
035 _a(Sirsi) u107499
245 _aInside Housing
520 _aWeb page for the UKs leading news magazine for people working in social housing. Includes the latest news, job adverts and details of UK housing organisations.
650 _aJOURNALS
650 _aJOB ADVERTISEMENTS
650 _aEMPLOYMENT
650 _aRESIDENTIAL
690 _aHOUSING
856 4 0 _uhttps://www.insidehousing.co.uk
_zView the website free of charge at www.insidehousing.co.uk...
942 _n0
999 _c119545
_d119545